E-Learning in the Middle East and North Africa (MENA) Region

In the last decade, due to factors of ICT infrastructural and broadband maturation, rising levels of educational attainment and computer literacy, and diversification strategies, e-learning has exploded in the Middle East and North Africa (MENA) region. However, significant barriers remain in the re...

Celý popis

Uloženo v:
Podrobná bibliografie
Médium: Elektronický zdroj E-kniha
Jazyk:angličtina
Vydáno: Cham : Springer International Publishing, 2018.
Vydání:1st ed. 2018.
Témata:
ISBN:9783319689999
On-line přístup: Získat plný text
Tagy: Přidat tag
Žádné tagy, Buďte první, kdo vytvoří štítek k tomuto záznamu!

MARC

LEADER 00000nam a22000005i 4500
003 SK-BrCVT
005 20220618120459.0
007 cr nn 008mamaa
008 180227s2018 gw | s |||| 0|eng d
020 |a 9783319689999 
024 7 |a 10.1007/978-3-319-68999-9  |2 doi 
035 |a CVTIDW08770 
040 |a Springer-Nature  |b eng  |c CVTISR  |e AACR2 
041 |a eng 
245 1 0 |a E-Learning in the Middle East and North Africa (MENA) Region  |h [electronic resource] /  |c edited by Alan S. Weber, Sihem Hamlaoui. 
250 |a 1st ed. 2018. 
260 1 |a Cham :  |b Springer International Publishing,  |c 2018. 
300 |a XII, 507 p. 72 illus., 47 illus. in color.  |b online resource. 
500 |a Education  
505 0 |a Chapter 1. Algeria -- Chapter 2.Bahrain -- Chapter 3.Djibouti -- Chapter 4.Egypt -- Chapter 5.Iran -- Chapter 6.Iraq -- Chapter 7.Israel -- Chapter 8.Jordan -- Chapter 9.Kuwait -- Chapter 10.Lebanon -- Chapter 11.Libya -- Chapter 12.Morocco -- Chapter 13.Oman -- Chapter 14.Palestine (West Bank / Gaza Strip) -- Chapter 15.Qatar -- Chapter 16.Saudi Arabia -- Chapter 17. Syria -- Chapter 18.Tunisia -- Chapter 19.United Arab Emirates -- Chapter 20.Yemen. 
516 |a text file PDF 
520 |a In the last decade, due to factors of ICT infrastructural and broadband maturation, rising levels of educational attainment and computer literacy, and diversification strategies, e-learning has exploded in the Middle East and North Africa (MENA) region. However, significant barriers remain in the region's e-learning development: lack of research on outcomes and effectiveness, paucity of Arabic language learning objects, monopolies and high cost of telecommunications, cultural taboos, accreditation, censorship, and teacher training. This unique volume is the first comprehensive effort to describe the history, development, and current state of e-learning in each of the 20 MENA countries from Algeria to Yemen. Each entry is expertly written by a specialist who is acutely familiar with the state of e-learning in their respective country, and concludes with a bibliography of key reports, peer-reviewed books and articles, and web resources. E-Learning in the Middle East and North Africa (MENA) proves itself as a vital compendium for a wide readership that includes academics and students, transnational program directors, international education experts, MENA government departments, commercial vendors and investors, and ICT development and regulatory agencies involved in e-learning in the Middle East. . 
650 0 |a Mathematics-Study and teaching . 
650 0 |a Educational technology. 
650 0 |a Education-Data processing. 
856 4 0 |u http://hanproxy.cvtisr.sk/han/cvti-ebook-springer-eisbn-978-3-319-68999-9  |y Vzdialený prístup pre registrovaných používateľov 
910 |b ZE06050 
919 |a 978-3-319-68999-9 
974 |a andrea.lebedova  |f Elektronické zdroje 
992 |a SUD 
999 |c 275123  |d 275123